TLC - Scrubs Lyrics - Statistics

General Stats
  • This quiz has been taken 2,267 times
  • The average score is 31 of 41
Answer Stats
Hint Answer % Correct
So __ no
96%
Oh __, I don't want __ no
96%
__. No
96%
And no, I don't want no _____ scrub
96%
I don't want no _____ scrub
96%
No _____ scrub
96%
No _____ scrub
96%
No _____ scrub
96%
No _____ scrub
96%
Of his ____ _______ ride best friend's
93%
Of his ____ _______ ride best friend's
93%
Hanging out the _________ side passenger
93%
Hanging out the _________ side passenger
93%
Trying to _____ at me holler
92%
Trying to ______ at me holler
92%
I don't want your _____ number
92%
No, I don't want to give you ____ mine
91%
A scrub is a guy that can't ___ __ ____ from me get no love
89%
A scrub is a guy that can't ___ __ ____ from me get no love
89%
No, I don't want none of your ____ time
88%
And just sits on his _____ ass broke
83%
And no, I don't want to meet you _______ nowhere
81%
Always ______ about what he wants talking
81%
I'm _______ to you talking
81%
I'm _______ to you talking
81%
A scrub is a guy who thinks he's ___ fly
78%
And is also known as a ______ buster
75%
But his ____ is kinda weak game
64%
And he's looking like _____ trash
63%
Want to get with __ me
61%
And I know that he can not _______ me approach
58%
With no _____ money
58%
Cause I'm looking like _____ class
53%
If you don't have ___ car
48%
Oh yes, ___ son
48%
Oh yes, ___ son
48%
Can't get with no ____ ____ ass dead beat
47%
But you don't ____ love show
39%
And you're _______ walking
35%
If you have a ______ shorty
29%
But a scrub is _______ me checking
22%
No matching quizzes found
Score Distribution
Percent of People with Each Score
Percentile by Number Answered
Your Score History
You have not taken this quiz